Logistika nábytku jednoduchosť, ale aj poriadna drina

Logistiku nábytku ovplyvňuje skutočnosť, do akej špecifickej skupiny konkrétny tovar náleží. Preprava a skladovanie sa líši podľa toho, či ide o čalúnený nábytok, kuchyne alebo napríklad o nábytok z masívu. Drvivá väčšina výrobcov však už ponúka nábytok v rozmontovanej podobe. Manipulácia, skladovan...

Descrizione completa

Salvato in:
Dettagli Bibliografici
Autore principale: Brezovský, Jozef
Natura: Capitolo di libro
Lingua:slovacco
Soggetti:
Tags: Aggiungi Tag
Nessun Tag, puoi essere il primo ad aggiungerne!!

MARC

LEADER 00000naa a2200000 4500
001 0117799
005 20231011072223.9
041 0 |a slo 
044 |a CZ 
245 1 0 |a Logistika nábytku  |b jednoduchosť, ale aj poriadna drina  |c Jozef Brezovský 
520 |a Logistiku nábytku ovplyvňuje skutočnosť, do akej špecifickej skupiny konkrétny tovar náleží. Preprava a skladovanie sa líši podľa toho, či ide o čalúnený nábytok, kuchyne alebo napríklad o nábytok z masívu. Drvivá väčšina výrobcov však už ponúka nábytok v rozmontovanej podobe. Manipulácia, skladovanie a transport tovaru, ktorý si zákazník doma dokáže zložiť vlastnými silami, sa významne odlišuje od logistiky klasického masívneho nábytku. 
610 2 0 |a nábytok 
610 2 0 |a logistika 
610 2 0 |a logistika obchodná 
610 2 0 |a logistika distribučná 
100 1 |a Brezovský, Jozef